000 00367nam a2200145Ia 4500
008 230917s9999||||xx |||||||||||||| ||und||
040 _e60744
_aMAIN
041 _aEnglish
082 _a824.09 H888S
100 _aHumphreys, A R
245 0 _aSteele, Addison and their periodical essays
260 _aLondon
_bLongman Green
_c1966
300 _a44 p.
942 _cBK
999 _c190850
_d190850